00349nam a2200121 a 4500008004100000050001800041100003200059245003400091246004200125260003000167300002100197350000900218120416s1957 ||||||||||||||||| || u aE 183.8R9 Las aLaserson, Max M., 1887-195114aThe American impact on Russia adiplomatic and idealogical, 1784-1917 aNew YorkbMacmillanc1957 aix, 441p. : ill. a0.00